00621nam a2200205Ia 450000500170000000800410001704000190005804100120007708200150008910000220010424500590012625000120018526000550019730000120025244000380026450400500030265000140035265100390036685000100040520240129104327.0131103s9999 xx 000 0 und d aLoreto College aEnglish a370.1bBRU aBrubacher,John S. aModern Philosophies of Education, cJohn S.Brubacher a2nd ed. aNew YorkbMcGrow - Hill Book Companyc1939 (c)1962 a372 p.  aMcGraw - Hill Series In Education aIncludes bibliographical references and index aEducation aPhilosophy And Theory Of Education aLCLIB